<?xml version="1.0" encoding="UTF-8"?>
<record
    xmlns:xsi="http://www.w3.org/2001/XMLSchema-instance"
    xsi:schemaLocation="http://www.loc.gov/MARC21/slim http://www.loc.gov/standards/marcxml/schema/MARC21slim.xsd"
    xmlns="http://www.loc.gov/MARC21/slim">

  <leader>05896cam a22004814i 4500</leader>
  <controlfield tag="003">PE-LiUPU</controlfield>
  <controlfield tag="005">20250731173420.0</controlfield>
  <controlfield tag="008">150706s2009    na      r     000 0 spa d</controlfield>
  <datafield tag="020" ind1=" " ind2=" ">
    <subfield code="a">9780825411847</subfield>
  </datafield>
  <datafield tag="035" ind1=" " ind2=" ">
    <subfield code="a">(Sirsi) i9780825411847</subfield>
  </datafield>
  <datafield tag="040" ind1=" " ind2=" ">
    <subfield code="a">PE-LiUPU</subfield>
    <subfield code="b">spa</subfield>
    <subfield code="c">PE-LiUPU</subfield>
    <subfield code="e">rda</subfield>
  </datafield>
  <datafield tag="049" ind1=" " ind2=" ">
    <subfield code="a">PRUA</subfield>
  </datafield>
  <datafield tag="082" ind1="0" ind2="4">
    <subfield code="a">251.02</subfield>
    <subfield code="b">PP</subfield>
    <subfield code="2">21</subfield>
  </datafield>
  <datafield tag="100" ind1="1" ind2=" ">
    <subfield code="a">Campbell, Roger F.,</subfield>
    <subfield code="d">1930- ,</subfield>
    <subfield code="e">autor.</subfield>
  </datafield>
  <datafield tag="245" ind1="1" ind2="0">
    <subfield code="a">Predique por un a&#xF1;o #7 :</subfield>
    <subfield code="b">104 bosquejos de sermones. Dos bosquejos completos para cada domingo del a&#xF1;o /</subfield>
    <subfield code="c">Roger Campbell.</subfield>
  </datafield>
  <datafield tag="264" ind1=" " ind2="1">
    <subfield code="a">Grand Rapids :</subfield>
    <subfield code="b">Editorial Portavoz,</subfield>
    <subfield code="c">2009.</subfield>
  </datafield>
  <datafield tag="300" ind1=" " ind2=" ">
    <subfield code="a">224 p&#xE1;ginas ;</subfield>
    <subfield code="c">22 cent&#xED;metros.</subfield>
  </datafield>
  <datafield tag="336" ind1=" " ind2=" ">
    <subfield code="a">text</subfield>
    <subfield code="2">rdacontent</subfield>
  </datafield>
  <datafield tag="337" ind1=" " ind2=" ">
    <subfield code="a">unmediated</subfield>
    <subfield code="2">rdamedia</subfield>
  </datafield>
  <datafield tag="338" ind1=" " ind2=" ">
    <subfield code="a">volume</subfield>
    <subfield code="2">rdacarrier</subfield>
  </datafield>
  <datafield tag="490" ind1="0" ind2=" ">
    <subfield code="a">Predique por un a&#xF1;o</subfield>
  </datafield>
  <datafield tag="505" ind1="0" ind2=" ">
    <subfield code="a">Enero -- La primera Santa Cena -- Metas para el nuevo a&#xF1;o -- C&#xF3;mo prosperar en vez de solo sobrevivir -- C&#xF3;mo anduvo Jes&#xFA;s -- Valor para difundir su fe -- Reavivar a una iglesia decadente -- Certidumbre de soberan&#xED;a -- Amor prohibido -- Febrero -- El hombre con la visi&#xF3;n de Hechos 20:20 -- Demas el desertor -- Evangelistas: los hombres fuertes de Dios que faltan -- &#xBF;Perspicaces y din&#xE1;micos, pero tontos? -- Cantos del esp&#xED;ritu -- El libro para todas las &#xE9;pocas -- Se&#xF1;ales del salvador -- Las calamidades del vino -- Marzo -- Vencer a los gigantes -- El Cristo que consuela -- El pr&#xED;ncipe traspasado (se inicia la serie sobre la cruz) -- El sustituto -- El hombre con las manos heridas -- El abandonado -- El salvador sufriente -- La preocupada esposa de Pilato -- Abril -- Lavados en la sangre -- El que es digno (concluye la serie sobre la cruz) -- La prueba m&#xE1;s grande de todas -- La muerte ha sido derrotada -- Edificar al pastor -- Edificar a la iglesia -- Firmemente asido de las promesas -- El pecado de no orar -- Mayo -- Los sabios ganan (se inicia la serie sobre proverbios) -- Descubrir la direcci&#xF3;n de Dios -- Consejos de la madre de un rey (d&#xED;a de la madre) -- Cuatro claves para el &#xE9;xito espiritual -- Cuando Dios corrige a sus hijos -- Siete cosas que Dios aborrece, parte 1 -- Siete cosas que Dios aborrece, parte 2 -- Convi&#xE9;rtase en un &#xE1;rbol de vida -- Junio -- La serpiente en su copa (concluye la serie sobre proverbios) -- Sin avergonzarse -- El valor de un alma -- El Dios de lo imposible -- Un padre noble (d&#xED;a del padre) -- Gracia para todas las fomas de desplazarse -- Cuando dos buscadores se encuentran -- Cuando Dios parece sordo y d&#xE9;bil -- Julio -- La f&#xF3;rmula de Pablo para obtener paz y libertad (d&#xED;a de la independencia) -- Un rey arrepentido (se inicia la serie sobre salmos) -- El valor de la oraci&#xF3;n tenaz -- Buenas noticias para los creyentes agobiados -- Convierta sus temores en fe -- Cuando vuelve el canto -- El gozo de la oraci&#xF3;n contestada -- Dios es siempre bueno -- Agosto -- Direcci&#xF3;n y meta -- Compasi&#xF3;n en acci&#xF3;n -- El refugio -- Fe creciente -- Rescatado mientras viv&#xED;a al borde -- Venid adoremos -- &#xBF;Qui&#xE9;n es el que manda? -- Sin punto medio (concluye la serie sobre salmos) -- Septiembre -- Fe de oto&#xF1;o -- La triste sorpresa -- La vida que resiste la tormenta -- &#xBF;Por qu&#xE9; pod&#xED;a Cristo hablar con autoridad? -- Probar a Dios -- El gozo de dar y recibir -- El secreto sagrado -- El mejor d&#xED;a del a&#xF1;o -- Octubre -- El poder de una mente sin preocupaciones (se inicia la serie sobre el poder) -- El poder de la oraci&#xF3;n -- El poder de un coraz&#xF3;n agradecido -- El poder del pensamiento controlado por Cristo, parte 1 -- El poder del pensamiento controlado por Cristo, parte 2 -- El poder del pensamiento controlado por Cristo, parte 3 (concluye la serie sobre el poder) -- Navidad misionera -- Un misionero satisfecho -- Noviembre -- Las garant&#xED;as de la gracia -- Cosas preciosas (se inicia la serie sobre 2 Pedro) -- C&#xF3;mo vencer la falta de fruto -- Cuesti&#xF3;n de vida o muerte (pausa en la serie sobre 2 Pedro) -- D&#xED;a de acci&#xF3;n de gracias y navidad (d&#xED;a de acci&#xF3;n de gracias) -- Santa cena del d&#xED;a de acci&#xF3;n de gracias (d&#xED;a de acci&#xF3;n de gracias) -- Experiencias cumbre (se retoma la serie sobre 2 Pedro) -- Los falsos maestros y su fin -- Diciembre -- Voluntariamente ignorantes -- Dios es siempre puntual -- Las baratijas pasajeras de nuestros tiempos -- La alternativa del "pero" -- El &#xFA;ltimo llamado de Pedro (concluye la serie sobre 2 Pedro) -- Promesas, provisi&#xF3;n y paz (navidad) -- El pesebre, los mensajeros y el mensaje (navidad) -- El milagro de los magos (navidad) -- Sermones para ocaciones especiales -- L&#xE1;zaro y el ser querido que usted ha perdido (serm&#xF3;n para funeral) -- Dos palabras maravillosas (serm&#xF3;n para funeral) -- El cielo: muy superior a lo que podamos so&#xF1;ar jam&#xE1;s (serm&#xF3;n para funeral) -- Un texto para momentos dif&#xED;ciles (serm&#xF3;n para funeral o tragedia) -- Tiempo de amar (D&#xED;a de San Valent&#xED;n) -- Los grandes premios de graduaci&#xF3;n de Dios (domingo de graduaci&#xF3;n) -- &#xBF;Est&#xE1; Dios contra el aborto? (domingo de santidad de la vida) -- La fe fomenta la familia (domingo de la familia) -- &#xCD;ndice de textos b&#xED;blicos.</subfield>
  </datafield>
  <datafield tag="526" ind1=" " ind2=" ">
    <subfield code="a">SEG42</subfield>
  </datafield>
  <datafield tag="526" ind1=" " ind2=" ">
    <subfield code="a">SEG41</subfield>
  </datafield>
  <datafield tag="526" ind1=" " ind2=" ">
    <subfield code="a">SEG40</subfield>
  </datafield>
  <datafield tag="526" ind1=" " ind2=" ">
    <subfield code="a">SEG39</subfield>
  </datafield>
  <datafield tag="526" ind1=" " ind2=" ">
    <subfield code="a">P94</subfield>
  </datafield>
  <datafield tag="526" ind1=" " ind2=" ">
    <subfield code="a">P87</subfield>
  </datafield>
  <datafield tag="526" ind1=" " ind2=" ">
    <subfield code="a">P86</subfield>
  </datafield>
  <datafield tag="526" ind1=" " ind2=" ">
    <subfield code="a">P85</subfield>
  </datafield>
  <datafield tag="526" ind1=" " ind2=" ">
    <subfield code="a">P77</subfield>
  </datafield>
  <datafield tag="526" ind1=" " ind2=" ">
    <subfield code="a">P76</subfield>
  </datafield>
  <datafield tag="526" ind1=" " ind2=" ">
    <subfield code="a">P35</subfield>
  </datafield>
  <datafield tag="541" ind1=" " ind2=" ">
    <subfield code="g">001-0000583;</subfield>
  </datafield>
  <datafield tag="650" ind1="0" ind2="4">
    <subfield code="a">Sermones b&#xED;blicos.</subfield>
  </datafield>
  <datafield tag="700" ind1="1" ind2=" ">
    <subfield code="a">Mar&#xED;n, Luis Diego,</subfield>
    <subfield code="e">traductor.</subfield>
  </datafield>
  <datafield tag="910" ind1=" " ind2=" ">
    <subfield code="a">gl</subfield>
    <subfield code="c">jck</subfield>
    <subfield code="d">20120611</subfield>
  </datafield>
  <datafield tag="942" ind1=" " ind2=" ">
    <subfield code="2">ddc</subfield>
    <subfield code="c">BOOK</subfield>
  </datafield>
  <datafield tag="949" ind1=" " ind2=" ">
    <subfield code="a">251.02 PP 7</subfield>
    <subfield code="w">DEWEY</subfield>
    <subfield code="c">1</subfield>
    <subfield code="i">64929</subfield>
    <subfield code="l">CCODEBUL1</subfield>
    <subfield code="m">BUL</subfield>
    <subfield code="p">13.00</subfield>
    <subfield code="r">0</subfield>
    <subfield code="s">Y</subfield>
    <subfield code="t">BOOK</subfield>
    <subfield code="u">2015-7-6</subfield>
    <subfield code="x">TEOLOGIA</subfield>
    <subfield code="P">P35</subfield>
    <subfield code="o">.STAFF. Colecci&#xF3;n Teolog&#xED;a</subfield>
  </datafield>
  <datafield tag="994" ind1=" " ind2=" ">
    <subfield code="a">C0</subfield>
    <subfield code="b">PEPRU</subfield>
  </datafield>
  <datafield tag="596" ind1=" " ind2=" ">
    <subfield code="a">1</subfield>
  </datafield>
  <datafield tag="999" ind1=" " ind2=" ">
    <subfield code="a">251.02 PP 7</subfield>
    <subfield code="w">DEWEY</subfield>
    <subfield code="c">53637</subfield>
    <subfield code="i">64929</subfield>
    <subfield code="d">53637</subfield>
    <subfield code="e">2018-9-13</subfield>
    <subfield code="f">2021-11-10</subfield>
    <subfield code="g">5</subfield>
    <subfield code="l">CCODEBUL1</subfield>
    <subfield code="m">BUL</subfield>
    <subfield code="n">2</subfield>
    <subfield code="p">13.00</subfield>
    <subfield code="r">0</subfield>
    <subfield code="s">Y</subfield>
    <subfield code="t">BOOK</subfield>
    <subfield code="u">2015-7-6</subfield>
    <subfield code="x">TEOLOGIA</subfield>
    <subfield code="P">P35</subfield>
    <subfield code="0">COMPRA</subfield>
    <subfield code="o">.STAFF. Colecci&#xF3;n Teolog&#xED;a</subfield>
  </datafield>
  <datafield tag="980" ind1=" " ind2=" ">
    <subfield code="8">1</subfield>
    <subfield code="g">ALBERTO SANCHEZ Responsable de Automatizaci&#xF3;n</subfield>
  </datafield>
  <datafield tag="952" ind1=" " ind2=" ">
    <subfield code="r">2025-12-03 00:00:00</subfield>
    <subfield code="i">6</subfield>
    <subfield code="l">4</subfield>
    <subfield code="o">251.02 PP 7</subfield>
    <subfield code="p">64929</subfield>
    <subfield code="s">2022-10-03</subfield>
    <subfield code="t">e1</subfield>
    <subfield code="v">18.00</subfield>
    <subfield code="w">2015-07-06</subfield>
    <subfield code="x">FT</subfield>
    <subfield code="y">BK</subfield>
    <subfield code="z">inventario-2023-12-13</subfield>
    <subfield code="1">0</subfield>
    <subfield code="2">ddc</subfield>
    <subfield code="5">0</subfield>
    <subfield code="7">0</subfield>
    <subfield code="8">GEN</subfield>
    <subfield code="f">P35</subfield>
    <subfield code="a">BUL</subfield>
    <subfield code="b">BUL</subfield>
    <subfield code="c">GEN</subfield>
    <subfield code="d">2015-07-06</subfield>
    <subfield code="e">COMPRA</subfield>
    <subfield code="g">13.00</subfield>
  </datafield>
</record>
